Escritos principales que corren en el juicio iniciado por Don Pedro Maldini contra el Hospital de Caridad de Valparaíso y contra el albacea de Don Juan José González de Hontaneda reclamando para su esposa Doña Celestina Hontaneda de Maldini, como sobrina del finado, la intestada de sus bienes
Guardat en:
| Format: | Llibre |
|---|---|
| Idioma: | espanyol |
| Publicat: |
Valparaíso
Imprenta del Mercurio
1871
|
| Matèries: | |
| Etiquetes: |
Afegir etiqueta
Sense etiquetes, Sigues el primer a etiquetar aquest registre!
|
MARC
| LEADER | 00000nam a2200000 a 4500 | ||
|---|---|---|---|
| 001 | UCH4975 | ||
| 003 | CL-VaPUC | ||
| 008 | 090916e18710000CL |||||||||||||||||spa|d | ||
| 082 | 0 | 4 | |a 348 |b ESC |2 21 |
| 245 | 1 | 0 | |a Escritos principales que corren en el juicio iniciado por Don Pedro Maldini contra el Hospital de Caridad de Valparaíso y contra el albacea de Don Juan José González de Hontaneda reclamando para su esposa Doña Celestina Hontaneda de Maldini, como sobrina del finado, la intestada de sus bienes |
| 300 | |a 142 p | ||
| 942 | |c BK | ||
| 945 | |d 20090916 00:00:00 |a rbrito | ||
| 260 | |a Valparaíso |b Imprenta del Mercurio |c 1871 | ||
| 650 | 0 | |a Jurisprudencia |9 255952 | |
| 650 | 0 | |a Juicio civil |9 396013 | |
| 583 | |a last modification |c 20090916 00:00:00 |k Rodrigo Vera | ||
| 999 | |c 336207 |d 336205 | ||
| 952 | |0 0 |1 0 |4 0 |6 348_000000000000000_ESC_1871 |7 0 |8 X |9 427190 |a FDOBUD |b FDOBUD |d 2019-11-22 |i 4598253 |o 348 ESC 1871 |p 4598253 |r 2019-11-22 |w 2019-11-22 |y BK_X |k BUD | ||